| 000 | 00385nam a2200121 4500 | ||
|---|---|---|---|
| 999 |
_c15134 _d15134 |
||
| 008 | 200305b ||||| |||| 00| 0 eng d | ||
| 100 |
_941878 _aDomingo, VL Sonny. _eAuthor. |
||
| 245 |
_aEl niño & death of the rice industry/ _cV.L. Sonny Domingo. |
||
| 260 |
_aPhilippines; _bManila Bulletin, _c©2019. |
||
| 300 |
_apage 8; _c29.5cm. |
||
| 650 |
_aAgriculture. _941879 |
||
| 942 |
_2ddc _cPER |
||